000 00949nam a2200301Ia 4500
001 18359
003 IT-RoPAU
008 130308s9999 xx 000 0 und d
040 _aIT-RoPAU
040 _cIT-RoPAU
041 _aFRANCESE
100 _aMackaay Ejan
100 _gCodice Aut. SPICS: 12861
245 _aNotions floues en droit ou l'economie de l'imprecision (Les)
245 _bDiscours Juridique (Le): Analyses et Methodes
250 _a1a ed.
260 _aPARIS
260 _bDidier/Larousse
260 _c1979 [1° Ed.:1979 - Ed.Ling.Originale:1979]
300 _a"18 p. (prefazione: no ; testo: 18 [pagine: 33-50])"
500 _aNozioni Sfumate in Diritto o l'economia dell'Imprecisione Concezione Positivista del Diritto Perche' usare le nozioni Sfumate? e Come Interpretarle?
650 _aLINGUISTICA
650 _eCodice materia Spics: 3201
942 _cBK
957 _71
999 _c39430
_d39430
999 _bSI
999 _g1